Sector informal urbano: un modelo de desarrollo y formación profesional del sector informal urbano en la Región Metropolitana de Santiago de Chile
Guardat en:
| Autor principal: | |
|---|---|
| Format: | Llibre |
| Idioma: | espanyol |
| Publicat: |
Santiago
Universitaria
1985
|
| Matèries: | |
| Etiquetes: |
Afegir etiqueta
Sense etiquetes, Sigues el primer a etiquetar aquest registre!
|
MARC
| LEADER | 00000nam a2200000 a 4500 | ||
|---|---|---|---|
| 001 | UCQ1296 | ||
| 003 | CL-VaPUC | ||
| 008 | 980709e19850000CL |||||||||||||||||spa|d | ||
| 082 | 0 | 4 | |a 337.18 |b VIL |2 21 |
| 100 | 0 | |a Villagrán Streeter, Patricio |e author |9 415038 | |
| 245 | 1 | 0 | |a Sector informal urbano: un modelo de desarrollo y formación profesional del sector informal urbano en la Región Metropolitana de Santiago de Chile |
| 300 | |a 125 p | ||
| 942 | |c BK | ||
| 945 | |d 19980709 00:00:00 |a crobeson | ||
| 260 | |a Santiago |b Universitaria |c 1985 | ||
| 650 | 0 | |a Producción |9 263680 | |
| 650 | 7 | |a SECTOR URBANO |2 CL-VaPUC |9 409227 | |
| 650 | 0 | |a Bienestar social |9 255298 | |
| 650 | 7 | |a MOVILIDAD DE LA MANO DE OBRA |2 CL-VaPUC |9 408976 | |
| 650 | 0 | |a Economía laboral |9 358958 | |
| 650 | 0 | |a Economía internacional |9 258254 | |
| 650 | 0 | |a Integración económica |9 255024 | |
| 650 | 0 | |a Cooperación internacional |9 255447 | |
| 651 | 0 | |a Santiago |9 265444 | |
| 651 | 7 | |a CHILE |2 CL-VaPUC |9 415039 | |
| 583 | |a last modification |c 19980709 00:00:00 |k Rodrigo Vera | ||
| 999 | |c 272298 |d 272296 | ||
| 952 | |0 0 |1 0 |4 0 |6 337_180000000000000_VIL_1985 |7 0 |8 A |9 307193 |a BIBGIM |b BIBGIM |d 2019-11-20 |i 1435086 |o 337.18 VIL 1985 |p 1435086 |r 2025-01-15 |w 2019-11-20 |y BK |k SSL | ||